Villes de plus de 10 millions d'habitants dans le monde - Statistiques

Statistiques générales
  • Ce quiz a été pris 310 fois
    284 depuis la dernière actualisation
  • Le résultat moyen est 28 sur 50
Statistiques - réponses
Réponses Pays Population % Correct
Tokyo Japon 42 196 714 hab.
98%
New York Etats-Unis 22 589 036 hab.
95%
Paris France 13 114 718 hab.
94%
Delhi Inde 26 454 086 hab.
91%
Le Caire Egypte 24 439 785 hab.
91%
Moscou Russie 20 215 638 hab.
90%
Séoul Corée du Sud 26 000 782 hab.
90%
Mexico Mexique 21 634 279 hab.
89%
Rio de Janeiro Brésil 12 699 743 hab.
89%
Londres Royaume-Uni 14 372 596 hab.
88%
Pékin Chine 21 893 095 hab.
88%
Los Angeles Etats-Unis 18 711 436 hab.
87%
Sao Paulo Brésil 36 315 721 hab.
86%
Shanghai Chine 24 870 895 hab.
84%
Buenos Aires Argentine 15 095 458 hab.
82%
Jakarta Indonésie 35 143 473 hab.
81%
Istanbul Turquie 15 067 724 hab.
80%
Mumbai Inde 24 337 933 hab.
78%
Manille Philippines 28 644 207 hab.
77%
Lima Pérou 12 104 036 hab.
70%
Bangkok Thailande 18 927 786 hab.
69%
Lagos Nigéria 22 829 561 hab.
68%
Téhéran Iran 15 980 037 hab.
66%
Bogota Colombie 10 985 285 hab
64%
Osaka Japon (Kyoto- Kobe) 19 777 590 hab.
64%
Dacca Bangladesh 18 615 648 hab.
63%
Bagdad Irak 13 034 225 hab.
62%
Kinshasa République démocratique du Congo 12 641 463 hab
59%
Calcutta Inde 16 681 589 hab.
52%
Karachi Pakistan 16 625 813 hab.
45%
Shenzhen Chine 12 356 820 hab
42%
Hô-Chi-Minh Viet Nâm 13 648 914 hab.
40%
Wuhan Chine 10 892 900 hab.
37%
Lahore Pakistan 12 328 075 hab
31%
Bangalore Inde 13 180 744 hab.
30%
Guangzhou Chine (Canton) 23 426 128 hab.
25%
Nagoya Japon 11 321 935 hab.
24%
Chongqing Chine 22 251 500 hab.
23%
Xi'an Chine 12 905 600 hab.
22%
Chennai Inde 12 906 602 hab.
21%
Hyderabad Inde 14 731 106 hab.
21%
Tianjin Chine 13 866 009 hab.
20%
Chengdu Chine 14 677 122 hab.
18%
Surabaya Indonésie 13 319 229 hab.
14%
Xiamen Chine (Quanzhou) 13 764 758 hab.
14%
Rhur Allemagne 10 642 890 hab.
13%
Shantou Chine 14 251 500 hab.
5%
Gauteng Afrique du Sud (Johannesbourg - Pretoria) 14 717 040 hab.
4%
Suzhou Chine 10 721 900 hab
3%
Huangzhou Chine 10 018 000 hab.
2%
Aucun quiz correspondant
Distribution des résultats
% des personnes avec chaque résultat
Percentile par nombre de réponses
Votre historique - résultats
Vous n’avez pas pris ce quiz depuis la dernière actualisation